| 000 | 00415nam a2200157 a 4500 | ||
|---|---|---|---|
| 005 | 20140412111349.0 | ||
| 008 | 050420s19uu xx 00 eng d | ||
| 020 | _a0-7513-5943-2 | ||
| 050 |
_aER _bMy99 1999 |
||
| 245 | _aMy lunch box. | ||
| 260 |
_aLondon : _bDorling Kinderesly Ltd., _c1999. |
||
| 300 | _a1 v. (unp.) ; ill. | ||
| 440 | _aShaped Bag Books | ||
| 650 | _aPicture book of words | ||
| 999 |
_c105279 _d105279 |
||